MUNDO, HOMBRE Y LENGUAJE CRITICO: ESTUDIOS DE FILOSOFIA HERMENEUTICA/

Guardat en:
Dades bibliogràfiques
Autor principal: Ortiz-Osés, Andrés (autor)
Format: Llibre
Col·lecció:HERMENEIA; 2
Matèries:
Etiquetes: Afegir etiqueta
Sense etiquetes, Sigues el primer a etiquetar aquest registre!

MARC

LEADER 00000nam^a2200000^a^4500
001 000218821
005 20250521000000.0
009 20260310103759.652
020 |a 84-301-0672-3 
035 |a 011132 
037 |a Acervo Xavier Clavigero 
082 |a 121. 68  |b ORT 
100 |a Ortiz-Osés, Andrés  |e (autor) 
245 1 0 |a MUNDO, HOMBRE Y LENGUAJE CRITICO:  |b ESTUDIOS DE FILOSOFIA HERMENEUTICA/  |c ANDRES ORTIZ-OSES 
264 |a SALAMANCA, ESP. :  |b SIGUEME,  |c 1976 
300 |a 240p. 2ej. 
336 |a texto  |b txt  |2 rdacontenido 
337 |a sin mediación  |b n  |2 rdamedio 
338 |a volumen  |b nc  |2 rdasoporte 
440 |a HERMENEIA;  |v 2 
649 |a XX 
650 |a Hermenéutica 
910 |a Fondo General 
920 |a Impresos - Libros 
930 |a Colección General 
905 |a 101 
901 |a 011132  |b IT1  |c ACC  |i 011132  |u 20250521 
901 |a 041435  |b IT1  |c ACC  |i 041435  |u 20250521 
902 |a https://opac.biblio.iteso.mx/vufind/Record/000218821